A to Z of success : (Record no. 65896)

MARC details
000 -LEADER
fixed length control field 00435nam a22001457a 4500
005 - DATE AND TIME OF LATEST TRANSACTION
control field 20181128180035.0
020 ## - INTERNATIONAL STANDARD BOOK NUMBER
International Standard Book Number 8188322865
Terms of availability 300.00
035 ## - SYSTEM CONTROL NUMBER
System control number B-226809,B-226805, B-226825
037 ## - SOURCE OF ACQUISITION
Stock number DPL
Source of stock number/acquisition ENG
100 ## - MAIN ENTRY--PERSONAL NAME
Personal name Rajan, Y.S.
245 ## - TITLE STATEMENT
Title A to Z of success :
Remainder of title A companion for youth /
Statement of responsibility, etc by Y.S. Rajan
260 ## - PUBLICATION, DISTRIBUTION, ETC. (IMPRINT)
Place of publication, distribution, etc New Delhi
Name of publisher, distributor, etc Ocean Books Pvt. Ltd.
Date of publication, distribution, etc 2006
300 ## - PHYSICAL DESCRIPTION
Extent 300p.
Dimensions 18 cms.
942 ## - ADDED ENTRY ELEMENTS (KOHA)
Source of classification or shelving scheme Dewey Decimal Classification
Item type English Books
Classification part 158.1
Call number suffix RAJ
Holdings
Withdrawn status Lost status Not for loan Collection code Home library Current library Date acquired Cost, normal purchase price Full call number Barcode Cost, replacement price Koha item type Public note Source of acquisition
      Non-fiction Sarojini Nagar Sarojini Nagar 01/05/2012 300.00 158.1 RAJ B-226809 300.00 English Books Withdrawn List Prepared List No.4/6  
      Non-fiction Tri Nagar Tri Nagar 13/07/2018 300.00 158.1 RAJ b-226805 300.00 English Books   BPPD/pub
      Non-fiction Vigyan Vihar Vigyan Vihar 28/11/2018 300.00 158.1 RAJ B-226825 300.00 English Books   BPPD/PUB

© Delhi Public Library
Hit Counter
free hit counter